000
00252nam a22001217a 4500
020
_a
0-8499-1487-6
082
_a
823
_b
VIS/J
100
_a
VISCHER, PHIL
245
_a
JUNIOR'S COLORS
260
_a
USA
650
_a
ENGLISH SHORT STORY
_z
USA
942
_c
BK
999
_c
3117
_d
3117